Multiple Choice General Knowledge #7 - Statistics

General Stats
  • This quiz has been taken 41,547 times
  • The average score is 9 of 15
Answer Stats
Question Answer % Correct
Who owns the North Pole? No one
86%
Which of these periods of time is the longest? Millisecond
82%
What was Quasimodo's job in "The Hunchback of Notre-Dame"? Bell-ringer
75%
Have humans ever measured a 10.0 earthquake? No
74%
What is a "grand jeté"? A ballet jump where the dancer does splits in the air
72%
True or false: The only country where you can see koalas in the wild is Australia. True
69%
What is Nostradamus known for? His predictions
67%
How many people have walked on the moon? 12
61%
Which of these is NOT a type of boat? Dungaree
60%
Which of these words means "complicated"? Byzantine
49%
Which one of these was painted by Picasso?
48%
What is James Bond's fake profession for when he needs a cover story? Import export
47%
What does the 47 mean in AK-47? It was invented in 1947
30%
Which of these years was NOT a leap year in the Gregorian calendar? 1900
29%
What is a shibboleth? A word that only people in a certain group can pronounce correctly
16%
No matching quizzes found
Score Distribution
Percent of People with Each Score
Percentile by Number Answered
Your Score History
You have not taken this quiz